00696nam a2200169 a 450000100100000000500170001000800410002702000180006804000250008610000450011124500800015626000360023630000210027295201050029395201110039899900170050900004419720201002045217.0140609s2009 dr 000 0 spa d a9789945856125 aDO-SdBNPbspacBNPHU1 aRodríguez de Senior, Rosa Julia97220410aCartas a mi ángel testimonio de amor /cRosa Julia Rodríguez de Senior. aSanto Domingo :bAzteca,c2009. a312 p. ;c22 cm. 0010718PDaPDbPDcCTd2014-06-09iLF1l0o p44197-10r2020-06-25w2020-06-25yLFPDZNo se presta 0010718PDaPDbPDcCTd2014-06-09iLF1l0o p44197-20r2020-06-25te. 2w2020-06-25yLFPDZNo se presta c43686d43686